000 00529nam a2200229Ia 4500
999 _c639
_d639
003 0100
008 130227s9999 xx 000 0 und d
040 _cARRUPELIB
050 _aDT714.N352
245 _aNamibia:
_bpolitical and economic prospects /
260 _aCape Town
_bDavid Philip
_c1983
300 _a132p.
300 _b 23 cm
650 _aNamibia
_xPolitics
_y1946-1990
_939239
650 _aNamibia
_xEconomic conditions
_928400
700 _aRotberg, Robert I.
_925859
942 _2lcc
_cMONOGRAPH